Statistics for Copa America 2016 Teams

Click here to take the quiz!

General Stats

  • This quiz has been taken 515 times
    (500 since last reset)
  • The average score is 14 of 16

Answer Stats

HintAnswer% Correct
Group DArgentina
99%
Group BBrazil
98%
Group DChile
98%
Group CMexico
94%
Group CUruguay
94%
Group AUnited States
92%
Group AColombia
91%
Group BPeru
91%
Group AParaguay
90%
Group DBolivia
87%
Group CVenezuela
86%
Group BEcuador
84%
Group ACosta Rica
77%
Group DPanama
72%
Group CJamaica
68%
Group BHaiti
55%

Score Distribution

Percentile by Number Answered

Percent of People with Each Score

Your Score History

You have not taken this quiz since the last reset